000 00338nam a2200121Ia 4500
008 220216s9999 xx 000 0 und d
100 _aBhaskaran Nair C
245 0 _aIndian rubberwood task force finds levies choke a budding industry
260 _bRubber Asia
_c2005
300 _a123-125
650 _aRubber wood industry
942 _cJS
999 _c61101
_d61101